Представление документа в формате RUSMARC

Поле Инд. ПП Название Значение
Тип записи a
Библиографический уровень a
001 Контрольный номер 15605d96c1a24201a3436caa22577141
005 Дата корректировки 20181120134543.9
100 a Данные общей обработки 20180910 ||| 0rusy0189 ca
101 0_ a Язык текста rus
102 a Страна публикации RU
200 1_ f Первые сведения об ответственности А.Г. Саакян
a Заглавие Право человека на свободу и личную неприкосновенность в уголовном судопроизводстве России. Практика Европейского Суда по правам человека по применению ст. 5 Европейской Конвенции о защите прав человека и основных свобод
b Общее обозначение материала Электронный ресурс
210 d Дата издания 2018
461 _0 1 2000
a Закон и право
463 _0 1 2000
a №7
v С. 97-99
1 2101
d 2018
1 001b8a5a39af1b24267bb2eb63b09745d65
606 a Основная рубрика Уголовно-процессуальное право
610 0_ a Ключевые слова ПРАВА ЧЕЛОВЕКА
a Ключевые слова ЗАЩИТА ПРАВ И СВОБОД
a Ключевые слова ЕВРОПЕЙСКИЙ СУД
a Ключевые слова СУДЕБНАЯ ПРАКТИКА
700 _1 a Фамилия Саакян
b Имя А.Г.
801 _0 a Страна RU
b Организация РГУП
c Дата составления 20180910
g Правила каталогизации PSBO
801 _1 a Страна RU
b Организация РГУП
c Дата составления 20180910
g Правила каталогизации PSBO
901 t Тип документа b
w Контрольный № источника b8a5a39af1b24267bb2eb63b09745d65
905 a Дата ввода 20180910